| 000 | 00529nam a2200145Ia 4500 | ||
|---|---|---|---|
| 008 | 210430s9999 xx 000 0 und d | ||
| 020 | _a9781594632204 | ||
| 082 | _a813.6 H825T | ||
| 100 |
_aHosseini, Khaled. _93702 |
||
| 245 | 4 |
_aThe kite runner _cHosseini, Khaled. |
|
| 260 |
_aNew York : _bSimon & Schuster Audio, _c2003 |
||
| 300 | _a8 sound cassettes (ca. 12 hrs.) : | ||
| 856 | _uhttp://www.loc.gov/catdir/bios/simon053/2004567972.html | http://www.loc.gov/catdir/description/simon052/2004567972.html | ||
| 942 |
_cREF _2ddc |
||
| 999 |
_c565741 _d565741 |
||